Minister zahraničných vecí USA Colin L. Powell pred Bezpečnostnou radou OSN Úmysly Husajna sa nikdy nezmenili

Bezpilotové letecké prostriedky. Prepojenie na terorizmus. Systémy na dopravovanie zbraní hromadného ničenia, ktoré Irak vyvíja.

Gespeichert in:
Bibliographische Detailangaben
Format: Buchkapitel
Sprache:Slowakisch
Schlagworte:
Tags: Tag hinzufügen
Keine Tags, Fügen Sie das erste Tag hinzu!

MARC

LEADER 00000naa a2200000 4500
001 r048614
005 20230927091636.1
041 0 |a slo 
044 |a SK 
245 1 0 |a Minister zahraničných vecí USA Colin L. Powell pred Bezpečnostnou radou OSN  |b Úmysly Husajna sa nikdy nezmenili 
520 |a Bezpilotové letecké prostriedky. Prepojenie na terorizmus. Systémy na dopravovanie zbraní hromadného ničenia, ktoré Irak vyvíja. 
610 2 0 |a vojny 
610 2 0 |a zbrane 
610 2 0 |a doprava 
610 2 0 |a doprava letecká 
610 2 0 |a terorizmus 
610 2 0 |a Irak 
610 2 0 |a USA